| 000 | 00743cam a2200241 a 4500 | ||
|---|---|---|---|
| 001 | 14037716 | ||
| 005 | 20180123050247.0 | ||
| 008 | 050715s2006 deu b 001 0 eng | ||
| 010 | _a 2005020170 | ||
| 020 | _a0872075753 | ||
| 040 |
_aDLC _cDLC _dDLC |
||
| 041 | _aeng | ||
| 042 | _apcc | ||
| 080 | _a428.4071 jen | ||
| 082 | 0 | 0 |
_a428.4071 jen _222 |
| 100 | 1 | _a47 | |
| 101 | _aedu | ||
| 245 | 1 | 0 |
_aBuilding a knowledge base in reading / _cJane Braunger, Jan Patricia Lewis. |
| 504 | _aIncludes bibliographical references (p. 147-193) and index. | ||
| 906 |
_a7 _bcbc _corignew _d1 _eecip _f20 _gy-gencatlg |
||
| 942 |
_2ddc _cBK |
||
| 999 |
_c40769 _d40769 |
||